| 000 | 00670nam a22001937a 4500 | ||
|---|---|---|---|
| 003 | OSt | ||
| 005 | 20251201111909.0 | ||
| 008 | 251201b |||||||| |||| 00| 0 eng d | ||
| 020 | _a971-8614-31-1. | ||
| 040 |
_aDWCL-Main lib _cOC |
||
| 082 | _aFil. 515.33 V567s 2007 | ||
| 100 | _aVerterra, Romel Tarcelo F. | ||
| 245 |
_aSimplified solutions to problems in differential calculus with detailed principles _cVerterra, Romel Tarcelo F. |
||
| 260 |
_aCebu City : _bVIB Publisher, _cc2007. |
||
| 300 |
_a352 pages : _billustration ; _c20 cm. |
||
| 650 | _21. Calculus-Problems, exercises, etc. | ||
| 700 | _aDiego Inocencio T. Gillesania | ||
| 942 |
_2ddc _cBK - FIL _kFil. _n0 |
||
| 999 |
_c6643 _d6643 |
||